Score 0/18 Timer 02:00
2 Plays Today
Clue 5-Letter Word % Correct
Graham cracker-based campfire treatS'MORE
85.8%
Dolly the sheep, e.g.CLONE
81.5%
Tiffany's 'I Think We're ___ Now'ALONE
78.6%
Want greatlyCRAVE
75.4%
Stretch your neck toward an interesting thingCRANE
75%
Company that makes PhotoshopADOBE
74.4%
Atlanta baseballerBRAVE
73.4%
To make amends, usually for sinsATONE
73.2%
TV Network featuring 'Real Housewives of...' seriesBRAVO
72.8%
Clue 5-Letter Word % Correct
Worship, honor or revereADORE
71.7%
An old hagCRONE
69.9%
Fourteen poundsSTONE
65.9%
Embellish or decorateADORN
65.7%
Type of squashACORN
63.2%
A group of 20 thingsSCORE
61.1%
Disrespect mixed with indignationSCORN
59.9%
To stir up a fire or add fuelSTOKE
58.3%
Tennessee Williams' 'Summer and ___'SMOKE
54%

Today's Daily Dose

Remove Ads.
Support Sporcle.
Get the best of Sporcle when you Go Orange. This ad-free experience offers more features, more stats, and more fun while also helping to support Sporcle. Thank you for becoming a member.

You're not logged in!

Compare scores with friends on all Sporcle quizzes.
OR
Log In

Show Comments

Extras

Top Quizzes Today


Score Distribution

Your Account Isn't Verified!

In order to create a playlist on Sporcle, you need to verify the email address you used during registration. Go to your Sporcle Settings to finish the process.

Report this User

Report this user for behavior that violates our Community Guidelines.

Details: